College of Drafted NFL Kicker - Statistics

General Stats
  • This quiz has been taken 17 times
  • The average score is 141 of 242
Answer Stats
Year Name NFL Team College Round % Correct
Sam Sloman Rams Miami (OH) 7
100%
2023 Jake Moody 49ers Michigan 3
88%
Hayden Epstein Jaguars Michigan 7
88%
Ali Haji-Sheikh Giants Michigan 9
88%
Mike Nugent Jets Ohio State 2
88%
Bob Atha Cardinals Ohio State 12
88%
Tom Klaban Bengals Ohio State 10
88%
Dick Van Raaphorst Browns Ohio State 10
88%
Jeff Ward Cowboys Texas 11
88%
Russell Erxleben Saints Texas 1
88%
Mike Dean Bears Texas 11
88%
Happy Feller Eagles Texas 4
88%
David Conway Chargers Texas 7
88%
John Potter Bills Western Michigan 7
88%
Dale Livingston Bengals Western Michigan 3
88%
Anders Carlson Packers Auburn 6
81%
1995 Daniel Carlson Vikings Auburn 5
81%
Neil O'Donoghue Bills Auburn 5
81%
Don Riley Raiders Auburn 14
81%
Tony Lunceford Cowboys Auburn 15
81%
2021 Evan McPherson Bengals Florida 5
81%
Caleb Sturgis Dolphins Florida 5
81%
Jeff Chandler 49ers Florida 4
81%
Brian Clark Patriots Florida 10
81%
David Posey 49ers Florida 9
81%
Roberto Aguayo Buccaneers Florida State 2
81%
1992 Dustin Hopkins Bills Florida State 6
81%
Sebastian Janikowski Raiders Florida State 1
81%
1981 Richie Andrews Lions Florida State 6
81%
Bill Capece Oilers Florida State 12
81%
1964 Grant Guthrie Bills Florida State 6
81%
1991 Blair Walsh Vikings Georgia 6
81%
Brandon Coutu Seahawks Georgia 7
81%
Todd Perterson Giants Georgia 7
81%
John Kasay Seahawks Georgia 4
81%
Kevin Butler Bears Georgia 4
81%
Rex Robinson Bengals Georgia 6
81%
Allan Leavitt Falcons Georgia 4
81%
Nate Kaeding Chargers Iowa 3
81%
Bruce Kallmeyer Patriots Kansas 7
81%
Bill Bell Falcons Kansas 17
81%
Martin Gramatica Buccaneers Kansas State 3
81%
Doug Dusenbury Steelers Kansas State 16
81%
2025 Andres Borregales Patriots Miami (FL) 6
81%
1990 Matt Bosher Falcons Miami (FL) 6
81%
Carlos Huerta Chargers Miami (FL) 12
81%
Dan Miller Redskins Miami (FL) 11
81%
Alex Henery Eagles Nebraska 4
81%
1986 Josh Brown Seahawks Nebraska 7
81%
1984 Kris Brown Steelers Nebraska 7
81%
1966 Paul Rogers Steelers Nebraska 8
81%
1997 Austin Seibert Browns Oklahoma 5
81%
Uwe von Schamann Dolphins Oklahoma 7
81%
1970 Tony DiRienzo Chargers Oklahoma 8
81%
Tom Stidham Giants Oklahoma 13
81%
1985 Bill Gramatica Cardinals South Florida 4
81%
2024 Will Reichard Vikings Alabama 6
75%
Greg Gantt Jets Alabama 8
75%
Mason Crosby Packers Colorado 6
75%
Fred Lima Cowboys Colorado 13
75%
Mike Wedman Redskins Colorado 16
75%
Harrison Butker Panthers Georgia Tech 7
75%
Scott Sisson Patriots Georgia Tech 5
75%
Neil Rackers Bengals Illinois 6
75%
Chris White Colts Illinois 7
75%
Mike Bass Patriots Illinois 6
75%
1971 Dan Beaver Vikings Illinois 10
75%
Pete Stoyanovich Dolphins Indiana 8
75%
Frank Stavroff Colts Indiana 12
75%
1982 Doug Pelfrey Bengals Kentucky 8
75%
2022 Cade York Browns Louisiana State 4
75%
Stan Woodfill Cowboys Oregon 17
75%
Tom Blanchard Giants Oregon 12
75%
Ryan Succop Chiefs South Carolina 7
75%
1969 Greg Enright Bengals Southern Oregon 15
75%
1984u Jeff Hall Redskins Tennessee 6
75%
Carlos Reveiz Patriots Tennessee 11
75%
Fuad Reveiz Dolphins Tennessee 7
75%
1974 Alan Duncan Eagles Tennessee 7
75%
Ricky Townsend Giants Tennessee 13
75%
George Hunt Browns Tennessee 5
75%
Karl Kremser Dolphins Tennessee 5
75%
Ron Widby Saints Tennessee 4
75%
Jerry Sanders Browns Texas Tech 12
75%
Ken Vinyard Packers Texas Tech 6
75%
1989 David Buehler Cowboys USC 5
75%
Cole Ford Steelers USC 7
75%
Kurt Smith Chargers Virginia 6
75%
1965 Jack Simcsak Broncos Virginia Tech 17
75%
Jeff Jaeger Browns Washington 3
75%
Chuck Nelson Rams Washington 4
75%
Mike Lansford Giants Washington 12
75%
Don Martin Rams Washington 5
75%
Taylor Mehlhaff Saints Wisconsin 6
75%
Tyler Loop Ravens Arizona 6
69%
Nick Folk Cowboys Arizona 6
69%
Steve McLaughlin Rams Arizona 3
69%
1977 Max Zendejas Cowboys Arizona 4
69%
1993 Zane Gonzalez Browns Arizona State 7
69%
Jim McCann 49ers Arizona State 8
69%
1999 Tyler Bass Bills Georgia Southern 6
69%
Tim Foley 49ers Georgia Southern 10
69%
Tom Goedjen Vikings Iowa State 16
69%
1994 Jake Elliott Bengals Memphis 5
69%
Stephen Gostkowski Patriots Memphis 4
69%
1987 Dave Rayner Colts Michigan State 6
69%
Paul Edinger Bears Michigan State 6
69%
Ralf Mojsiejenko Chargers Michigan State 4
69%
1975 Morten Andersen Saints Michigan State 4
69%
Dick Kenney Eagles Michigan State 14
69%
Lou Bobich Bears Michigan State 19
69%
Chip Lohmiller Redskins Minnesota 2
69%
Jim Gallery Buccaneers Minnesota 10
69%
Henry Brown Patriots Missouri 10
69%
Bill Bates Giants Missouri 14
69%
Pat Bolton Falcons Montana State 12
69%
Frank Kalfoss Broncos Montana State 17
69%
Jan Stenerud Chiefs Montana State 3
69%
Paul Ernster Broncos Northern Arizona 7
69%
1972 Tom Jurich Steelers Northern Arizona 10
69%
David Kimball Colts Penn State 7
69%
Brett Conway Packers Penn State 3
69%
Matt Bahr Steelers Penn State 6
69%
Chris Bahr Bengals Penn State 2
69%
Joshua Karty Rams Stanford 6
69%
Ken Naber Patriots Stanford 8
69%
Mike Michel Dolphins Stanford 5
69%
Rod Garcia Raiders Stanford 7
69%
Bill Shoemaker Bengals Stanford 15
69%
Tim Vesling Colts Syracuse 12
69%
Don McAulay Patriots Syracuse 12
69%
Gary Anderson Bills Syracuse 7
69%
1973 Dave Jacobs Broncos Syracuse 12
69%
Randy Bullock Texans Texas A&M 5
69%
Tony Franklin Eagles Texas A&M 3
69%
Jim Sheffield Bills Texas A&M 12
69%
Matt Gay Buccaneers Utah 5
69%
Cam Little Jaguars Arkansas 6
63%
Zach Hocker Redskins Arkansas 7
63%
1980 Kendall Trainor Cardinals Arkansas 9
63%
Steve Little Cardinals Arkansas 1
63%
Bill McClard Chargers Arkansas 3
63%
Donald Igwebuike Buccaneers Clemson 10
63%
Bob Paulling Cardinals Clemson 8
63%
Obed Ariri Colts Clemson 7
63%
1967 Ed Siegler Bears Clemson 11
63%
Teddy Garcia Patriots N.E. Louisiana 4
63%
Gerald Warren Cardinals North Carolina State 10
63%
Harold Deters Cowboys North Carolina State 12
63%
Steve Clark Packers Oregon State 17
63%
Rafael Septien Saints Southwestern Louisiana 10
63%
1988 Justin Medlock Chiefs UCLA 5
63%
John Lee Cardinals UCLA 2
63%
Frank Corral Rams UCLA 3
63%
Efren Herrera Lions UCLA 7
63%
Zenon Andrusyshyn Cowboys UCLA 9
63%
John Markham Giants Vanderbilt 5
63%
Ricky Anderson Cardinals Vanderbilt 11
63%
Jason Hanson Lions Washington State 2
63%
Joe Danelo Dolphins Washington State 10
63%
Doug Brien 49ers California 3
56%
Robbie Keen Chiefs California 9
56%
Jim Breech Lions California 8
56%
Josh Scobee Jaguars Louisiana Tech 5
56%
Matt Stover Giants Louisiana Tech 12
56%
Chad Ryland Patriots Maryland 4
56%
Dan Plocki Browns Maryland 11
56%
Steve Mike-Mayer 49ers Maryland 3
56%
Greg Zuerlein Rams Missouri Western 6
56%
Jason Sanders Dolphins New Mexico 7
56%
Bob Berg Bills New Mexico 17
56%
Craig Hentrich Jets Notre Dame 8
56%
Bob Thomas Rams Notre Dame 15
56%
Don Bitterlich Seahawks Temple 3
56%
Nick Mike-Mayer Falcons Temple 10
56%
Berl Simmons Vikings Texas Christian 8
56%
Bruce Alford Bears Texas Christian 5
56%
Joe Wood Oilers Air Force 12
50%
David Lawson Giants Air Force 16
50%
Sal Casalo Bills Cincinnati 17
50%
Jim O'Brien Colts Cincinnati 3
50%
2020 Justin Rohrwasser Patriots Marshall 5
50%
Pat McTeer Cardinals New Mexico State 14
50%
Eddie Murray Lions Tulane 7
50%
1976 Paul Woodside Bills West Virginia 12
50%
Bob Jacobs Browns Wyoming 7
50%
Jeffy DePoyster Lions Wyoming 2
50%
Daron Alcorn Buccaneers Akron 8
44%
Nate Freese Lions Boston College 7
44%
Fred Steinfort Raiders Boston College 5
44%
Carson Long Rams Pittsburgh 11
44%
Travis Dorsch Bengals Purdue 4
44%
Alan Pringle Oilers Rice 10
44%
Mark Williams Oilers Rice 9
44%
Stu Crum Jets Tulsa 12
44%
Chuck Ramsey Patriots Wake Forest 6
44%
1983 Jason Elam Broncos Hawaii 3
38%
Tony Zendejas Redskins Nevada 1
38%
Randy Walker Packers Northwestern State (LA) 12
38%
Charlie Gogolak Redskins Princeton 1
38%
Owen Pochman Patriots Brigham Young 7
25%
Lee Johnson Oilers Brigham Young 5
25%
Dennis Patera 49ers Brigham Young 17
25%
Joe Randall Cardinals Brown 7
25%
1978 Steve DeLine 49ers Colorado State 7
25%
Jim Murphy Bears Utah State 16
25%
Bill Eppright Steelers Kent State 17
19%
Mark Moseley Eagles Stephen F. Austin 14
13%
Chris Jacke Packers Texas-El Paso 6
13%
Roland Reichardt Rams West Texas State 16
13%
Ove Johansson Oilers Abilene Christian 12
6%
Sandro Vitello Bengals Massachusetts 10
6%
Maher Barakat Broncos South Dakota Tech 15
6%
1979 Kirk Roach Bills Western Carolina 5
6%
Paul McFadden Eagles Youngstown State 12
6%
Don Cockroft Browns Adams State 3
0%
Rolf Benirshke Raiders California-Davis 12
0%
Gary Loyd Saints California-Lutheran 14
0%
Gerald Circo Eagles Cal State-Chico 20
0%
Manny Matsakis Eagles Capital 8
0%
Rich Sorenson Lions Chico State 8
0%
Greg Davis Buccaneers Citadel 9
0%
Ben Nitka Giants Colorado College 16
0%
1968 Mike Flater Redskins Colorado Mines 9
0%
Bill Shear Packers Cortland State 10
0%
Ken Gamble Jets Fayetteville State 17
0%
Tom Gooden Browns Harding College 11
0%
Chester Marcol Packers Hillsdale 2
0%
Sandor Szabo Falcons Ithaca 13
0%
Paul Hickert Bengals Murray State 11
0%
Steve Schroeder Bills Pacific 13
0%
Mike Bragg Redskins Richmond 5
0%
Dave Chapple 49ers Santa Barbara 10
0%
Steve Ecker Falcons Shippensburg 14
0%
Mike Wood Vikings Southeast Missouri State 8
0%
Eddie Garcia Packers Southern Methodist 10
0%
Dennis Partee Chargers Southern Methodist 11
0%
Skip Butler Packers Texas-Arlington 4
0%
Randy Bielski Colts Towson State 12
0%
Sergio Albert Cardinals U.S. International 8
0%
Jaime Nunez Rams Weber State 13
0%
Steve Smith Giants Weber State 14
0%
No matching quizzes found
Score Distribution
Percent of People with Each Score
Percentile by Number Answered
Your Score History
You have not taken this quiz